000 00548nam a2200181Ia 4500
008 151202s9999||||xx |||||||||||||| ||und||
082 _bPNVM-71934
100 _aइनामदार मेधा.
245 _aसीमान्त.
260 _b"उन्मेश प्रकाशन,पुणे."
260 _c71934
300 _a463
600 _aइनामदार मेधा.
630 _aसीमान्त.
700 _aइनामदार मेधा.
730 _aसीमान्त.
942 _cBOOK
999 _c1338602
_d1338599